000 00949nam a22002417a 4500
005 20240530110438.0
008 150415s2011 ua g 000 p ara d
017 _a2011/4541
_bمصر . دار الكتب المصرية
020 _a9789774217983
040 _aEG-CaGPL
082 0 4 _221
_a821.6\
_bإ أ
100 1 _aاليوت ، ت. س.
_qت. س. اليوت
245 1 0 _aارض الضياع /
_cشعر ت. س. اليوت ؛ ترجمة ودراسة نبيل راغب
260 _aالقاهرة :
_bالمركز القومى للترجمة ،
_c 2011 .
300 _a167 ص ؛
_c24 سم
490 0 _aالمشروع القومى للترجمة ؛
_v1808
600 0 4 _aت. س. اليوت
_vتراجم
650 0 4 _aالشعر الامريكى
650 0 4 _aالشعر الامريكى
_xتاريخ
_yالعصر الحديث
700 0 _aنبيل راغب
_eمترجم
942 _2ddc
_cBK
999 _c60995
_d60995